Catálogo

STRUCTURAL DYNAMICS : (Registro nro. 42837)

Detalles MARC
000 -LEADER
fixed length control field 00920nam a2200193 a 4500
001 - CONTROL NUMBER
control field 42837
005 - DATE AND TIME OF LATEST TRANSACTION
control field 20180714021148.0
008 - FIXED-LENGTH DATA ELEMENTS--GENERAL INFORMATION
fixed length control field 140415s2002 000 0 eng d
020 ## - INTERNATIONAL STANDARD BOOK NUMBER
International Standard Book Number 0412074613
041 ## - LANGUAGE CODE
Language code of text/sound track or separate title eng
082 ## - DEWEY DECIMAL CLASSIFICATION NUMBER
Classification number 624.17
Item number PAZ
100 1# - MAIN ENTRY--PERSONAL NAME
Personal name PAZ, MARIO
245 10 - TITLE STATEMENT
Title STRUCTURAL DYNAMICS :
Remainder of title THEORY AND COMPUTATION
250 ## - EDITION STATEMENT
Edition statement 4ed.
260 ## - PUBLICATION, DISTRIBUTION, ETC.
Place of publication, distribution, etc. [s.l.] :
Name of publisher, distributor, etc. CHAPMAN AND HALL,
Date of publication, distribution, etc. 2002
300 ## - PHYSICAL DESCRIPTION
Extent 824
Dimensions x 16 x 24
520 ## - SUMMARY, ETC.
Summary, etc. ESTA CUARTA EDICION REVISADA: INCLUYE TODOS LOS DATOS EN EL DESARROLLO E INVESTIGACION EN EL TRABAJO DE ESTRUCTURAS DINAMICAS ESTO HACE QUE EL LIBRO CONTENGA TDA LA INFORMACION, SOBRE EL ANALISIS Y DISEÑO DE ESTRUCTURAS SUJETADAS POR LAS FUERZAS DINAMICAS O TERREMOTOS; A SU VES CUBRIENDO MUCHOS TIPOS ESTRUCTURAS; DESDE LAS ESTRUCTURAS BASICAS, TAMBIEN CONTIENE NUMEROSAS ILUSTRACIONES PARA COMPRENDER MEJOR ESTE TEXTO.
650 14 - SUBJECT ADDED ENTRY--TOPICAL TERM
Topical term or geographic name entry element DINAMICA DE ESTRUCTURAS
Existencias
Withdrawn status Lost status Source of classification or shelving scheme Damaged status Not for loan Collection code Home library Current library Shelving location Date acquired Source of acquisition Inventory number Total Checkouts Full call number Barcode Date last seen Date last checked out Price effective from Koha item type
    Dewey Decimal Classification     General Biblioteca Karol Wojtyla Biblioteca Karol Wojtyla Sala general 03/12/2013 Compra 151000000000000000003829   624.17 PAZ 64575 05/01/2026 05/04/2016 03/12/2013 Libro
    Dewey Decimal Classification     General Biblioteca Karol Wojtyla Biblioteca Karol Wojtyla Sala general 03/12/2013 Compra 151000000000000000003828   624.17 PAZ 64574 05/01/2026   03/12/2013 Libro